Church aflame / (Record no. 6387)

MARC details
000 -LEADER
fixed length control field 00703cam a2200265Ii 4500
001 - CONTROL NUMBER
control field 27007
003 - CONTROL NUMBER IDENTIFIER
control field GBCCL
005 - DATE AND TIME OF LATEST TRANSACTION
control field 20241126110602.0
008 - FIXED-LENGTH DATA ELEMENTS--GENERAL INFORMATION
fixed length control field 770131c19541953enk 000 0 eng d
015 ## -
-- GB53-4214
029 1# -
-- UKM
-- b5304214
035 ## - SYSTEM CONTROL NUMBER
System control number (OCoLC)02710065
040 ## - CATALOGING SOURCE
Original cataloging agency IMC
Transcribing agency IMC
Modifying agency UKM
049 ## -
-- LBBK
-- LBBA
082 ## - DEWEY DECIMAL CLASSIFICATION NUMBER
Classification number 262
Item number SMI
092 ## - LOCALLY ASSIGNED DEWEY CALL NUMBER (OCLC)
Classification number 269.2
Item number S656c
100 1# - MAIN ENTRY--PERSONAL NAME
Personal name Smith, Paul B.
9 (RLIN) 1468
245 10 - TITLE STATEMENT
Title Church aflame /
Statement of responsibility, etc. by Paul B. Smith; foreword by Bob Jones, Jr.
250 ## - EDITION STATEMENT
Edition statement 4th impression
260 ## - PUBLICATION, DISTRIBUTION, ETC.
Place of publication, distribution, etc. London :
Name of publisher, distributor, etc. Marshall, Morgan & Scott,
Date of publication, distribution, etc. 1961
300 ## - PHYSICAL DESCRIPTION
Extent 127 p. ;
Dimensions 19 cm.
650 ## - SUBJECT ADDED ENTRY--TOPICAL TERM
Topical term or geographic name entry element Revivals
9 (RLIN) 344
650 ## - SUBJECT ADDED ENTRY--TOPICAL TERM
Topical term or geographic name entry element Church Revivals
9 (RLIN) 11445
942 ## - ADDED ENTRY ELEMENTS (KOHA)
Source of classification or shelving scheme Dewey Decimal Classification
Koha item type Books
Koha issues (borrowed), all copies 1
Holdings
Withdrawn status Lost status Source of classification or shelving scheme Damaged status Not for loan Home library Current Library Shelving location Date acquired Total checkouts Full call number Barcode Date last seen Date last checked out Copy number Price effective from Koha item type
    Dewey Decimal Classification     GRACE BIBLE COLLEGE GRACE BIBLE COLLEGE Ministry & Mission 2018-05-11 1 262 SMI 000463 2025-05-01 2022-06-29 c.1 2018-05-11 Books
© Grace Bible College Library 2025